000
00330nam a2200145Ia 4500
005
20251222144920.0
008
251222s9999||||xx |||||||||||||| ||spa||
020
_a
950-742-060-6
082
_a
339.582/C38
100
_a
Cavallo, Domingo F.
245
0
_a
Volver a Crecer
250
_a
6a.ed.
264
_b
Planeta
942
_c
LIB
999
_c
22675
_d
22675